| 000 | 00440cam a2200169ua 4500 | ||
|---|---|---|---|
| 041 |
_aeng _h |
||
| 082 |
_a822 _bSYN/PL |
||
| 100 | _aSynge, J M. | ||
| 245 |
_aPlays, poems and prose / _cJ M Synge. _hTextual Documents |
||
| 260 |
_aLondon : _bJ M Dent and Sons Ltd , _c1961. |
||
| 300 | _a305 ; . | ||
| 440 | 0 |
_aEveryman`s Library, _v968 _x; |
|
| 490 | 0 |
_aEveryman`s Library, _v968 _x; |
|
| 504 | _a | ||
| 942 | _cBK | ||
| 999 |
_c4211 _d4211 |
||